[Event "Velka cena Tabora"]
[Site "?"]
[Date "2018.08.01"]
[Round "5.33"]
[White "Nagyova, Daniela"]
[Black "Van Nieuwenhuizen, Hans"]
[Result "0-1"]
[WhiteElo "1238"]
[BlackElo "1874"]
[PlyCount "70"]
[EventDate "2018.??.??"]

1. e4 g6 2. d4 Bg7 3. c4 d6 4. Nc3 Nf6 5. Be3 O-O 6. h3 b6 7. Qd2 Bb7 8. Bd3 e5
9. d5 Nbd7 10. Bh6 Nc5 11. Bc2 a5 12. Bxg7 Kxg7 13. O-O-O a4 14. g4 h6 15. f4
exf4 16. Qxf4 Nfd7 17. h4 Qf6 18. Qg3 Qe5 19. Qg2 a3 20. Nge2 axb2+ 21. Kb1 Ba6
22. Nb5 Bxb5 23. cxb5 Rxa2 24. Kxa2 Ra8+ 25. Ba4 Rxa4+ 26. Kb1 Nxe4 27. Rhe1
Nc3+ 28. Nxc3 Qxc3 29. Qxb2 Rb4 30. Re2 Rxb2+ 31. Rxb2 Nc5 32. Rdd2 Qf3 33. g5
hxg5 34. hxg5 Qf5+ 35. Ka2 Qxg5 0-1

[Event "Velka cena Tabora"]
[Site "?"]
[Date "2018.08.01"]
[Round "5.32"]
[White "Rolinek, Frantisek"]
[Black "Privoznik, Lubos"]
[Result "1-0"]
[WhiteElo "1849"]
[BlackElo "1665"]
[PlyCount "53"]
[EventDate "2018.??.??"]

1. e4 b6 2. d4 Bb7 3. Nc3 e6 4. Bd3 Bb4 5. Qg4 g6 6. Bg5 f6 7. Bd2 Nc6 8. Nge2
Qe7 9. O-O-O O-O-O 10. a3 Bxc3 11. Bxc3 Nh6 12. Qh3 Nf7 13. f4 Kb8 14. Rhe1 Qf8
15. d5 exd5 16. Bxf6 dxe4 17. Bxe4 Nd6 18. Bxd8 Nxe4 19. Bxc7+ Kxc7 20. Rxd7+
Kb8 21. Rxb7+ Kxb7 22. Qd7+ Ka6 23. Qd3+ Ka5 24. Qxe4 Qf6 25. Nc3 b5 26. g3 Nd4
27. Qb7 1-0

[Event "Velka cena Tabora"]
[Site "?"]
[Date "2018.08.01"]
[Round "5.35"]
[White "Hercik, Josef"]
[Black "Rolinkova, Lucie"]
[Result "1-0"]
[WhiteElo "1871"]
[BlackElo "1540"]
[PlyCount "67"]
[EventDate "2018.??.??"]

1. d4 Nf6 2. c4 e6 3. Nf3 d5 4. Bf4 Bb4+ 5. Nc3 Ne4 6. Qb3 Bxc3+ 7. bxc3 O-O 8.
e3 c6 9. Bd3 dxc4 10. Bxc4 Nd7 11. Bd3 Ndf6 12. Qc2 Nd6 13. h3 h6 14. e4 Nfe8
15. O-O f6 16. Rab1 b5 17. a4 a6 18. c4 Bd7 19. c5 Nf7 20. Bh2 Nc7 21. Nh4 Re8
22. f4 f5 23. Ng6 fxe4 24. Bxe4 Nd5 25. Rf3 Qa5 26. axb5 axb5 27. Bg3 Qa2 28.
Rb2 Qa1+ 29. Kh2 Ra7 30. Ne5 Nxe5 31. fxe5 Rea8 32. Qf2 Ra2 33. Rxa2 Rxa2 34.
Rf8# 1-0

[Event "Velka cena Tabora"]
[Site "?"]
[Date "2018.08.01"]
[Round "5.36"]
[White "Habada, Jindrich"]
[Black "Kratochvil, Milos"]
[Result "1-0"]
[WhiteElo "1803"]
[BlackElo "1000"]
[PlyCount "129"]
[EventDate "2018.??.??"]

1. e4 e5 2. Nf3 Nc6 3. Bb5 a6 4. Ba4 Nf6 5. O-O Be7 6. c3 O-O 7. Re1 d6 8. h3
b5 9. Bc2 Na5 10. d4 Nc4 11. b3 Nb6 12. dxe5 dxe5 13. Nxe5 Qxd1 14. Bxd1 Re8
15. Nd3 Nfd7 16. Nd2 Nc5 17. Bc2 Nxd3 18. Bxd3 Bb7 19. Nf1 Rad8 20. Bc2 Bf6 21.
Re3 b4 22. Bb2 Bxc3 23. Bxc3 bxc3 24. f3 f5 25. Rxc3 fxe4 26. Rxc7 Rb8 27. fxe4
Bxe4 28. Rd1 Nd5 29. Rc4 Bxc2 30. Rxc2 Nf4 31. Rd6 Re1 32. Kf2 Rbe8 33. Ng3
R1e6 34. Rcc6 Nd3+ 35. Kg1 Re1+ 36. Kh2 Nf2 37. Rd2 Rf8 38. Re2 Rxe2 39. Nxe2
Nd3 40. Rd6 Rf2 41. Rxd3 Rxe2 42. a3 a5 43. Kg3 Kf7 44. Kf3 Ra2 45. a4 h6 46.
g4 g5 47. Ke3 Rh2 48. Kd4 Re2 49. Kc4 Re4+ 50. Kc5 Re5+ 51. Kb6 Kf6 52. Rc3 Kg7
53. Rc5 Re3 54. Rb5 Rxh3 55. Kxa5 Rh4 56. Kb6 Rxg4 57. a5 Rf4 58. a6 Rf6+ 59.
Ka5 Rxa6+ 60. Kxa6 g4 61. Rc5 Kg6 62. b4 h5 63. b5 g3 64. b6 g2 65. Rc1 1-0

[Event "Velka cena Tabora"]
[Site "?"]
[Date "2018.08.01"]
[Round "5.37"]
[White "Varga, Hynek"]
[Black "Svec, Vitezslav"]
[Result "1-0"]
[WhiteElo "1473"]
[BlackElo "1632"]
[PlyCount "105"]
[EventDate "2018.??.??"]

1. d4 d5 2. Nf3 e6 3. e3 Nf6 4. c4 Be7 5. Nc3 O-O 6. Be2 dxc4 7. Bxc4 c5 8. O-O
Nc6 9. dxc5 Bxc5 10. Qc2 a6 11. a3 b5 12. Be2 Qc7 13. Nxb5 Qb6 14. Nc3 Bd6 15.
Ne4 Nxe4 16. Qxe4 f5 17. Qc2 Ne5 18. Nxe5 Bxe5 19. f4 Bf6 20. Bf3 Bb7 21. Bxb7
Qxb7 22. Rb1 Rac8 23. Qe2 Qe4 24. Bd2 Rc2 25. Rbc1 Bxb2 26. Rxc2 Qxc2 27. Rf2
Qa4 28. Bb4 Bxa3 29. Bxf8 Bxf8 30. Qa2 Qd1+ 31. Rf1 Qd6 32. Ra1 Qb6 33. Qe2 Qb5
34. Kf2 Kf7 35. Rxa6 Qxe2+ 36. Kxe2 h6 37. Kf3 g5 38. h3 gxf4 39. Kxf4 Kf6 40.
e4 fxe4 41. Kxe4 Bg7 42. g4 Ke7 43. Ra7+ Kf6 44. h4 e5 45. Rxg7 Kxg7 46. Kxe5
Kg6 47. Ke6 h5 48. g5 Kg7 49. Kf5 Kh7 50. Kf6 Kg8 51. Kg6 Kh8 52. Kxh5 Kh7 53.
Kg4 1-0

[Event "Velka cena Tabora"]
[Site "?"]
[Date "2018.08.01"]
[Round "5.38"]
[White "Abraham, Karel"]
[Black "Chval, Zdenek  ml."]
[Result "1-0"]
[WhiteElo "1676"]
[BlackElo "1360"]
[PlyCount "71"]
[EventDate "2018.??.??"]

1. e4 e5 2. Nf3 Nc6 3. d4 exd4 4. Bc4 Nf6 5. e5 d5 6. Bb5 Ne4 7. Nxd4 Bd7 8.
Bxc6 bxc6 9. O-O Bc5 10. Be3 Qb8 11. Nd2 Nxd2 12. Qxd2 Bb6 13. Nb3 O-O 14. Kh1
Re8 15. f4 Bxe3 16. Qxe3 f6 17. Qc3 fxe5 18. fxe5 Qb6 19. Nc5 Rad8 20. b4 Be6
21. Rf4 Rb8 22. a3 a5 23. Raf1 axb4 24. axb4 Qb5 25. Qf3 h6 26. c3 Rbd8 27.
Nxe6 Rxe6 28. Rf8+ Rxf8 29. Qxf8+ Kh7 30. Qf5+ Kh8 31. h4 Rxe5 32. Qf8+ Kh7 33.
Rf7 Re1+ 34. Kh2 Kg6 35. Rxg7+ Kh5 36. Qf5+ 1-0

[Event "Velka cena Tabora"]
[Site "?"]
[Date "2018.08.01"]
[Round "5.39"]
[White "Severa, Jiri"]
[Black "Vanek, Frantisek"]
[Result "1-0"]
[WhiteElo "1633"]
[BlackElo "1421"]
[PlyCount "45"]
[EventDate "2018.??.??"]

1. d4 e6 2. c4 b6 3. Nf3 Bb7 4. e3 Nf6 5. Be2 Bb4+ 6. Nc3 Ne4 7. Qc2 c5 8. O-O
Bxc3 9. bxc3 f5 10. Rd1 Qf6 11. Bb2 Ng5 12. d5 e5 13. Nxg5 Qxg5 14. Bc1 e4 15.
f3 exf3 16. Bxf3 d6 17. e4 f4 18. g3 O-O 19. Qg2 Bc8 20. Bxf4 Bh3 21. Bxg5 Bxg2
22. Kxg2 Nd7 23. Bd2 1-0

[Event "Velka cena Tabora"]
[Site "?"]
[Date "2018.08.01"]
[Round "5.40"]
[White "Porazil, Jan Frantisek"]
[Black "Hanzl, Tadeas"]
[Result "1/2-1/2"]
[WhiteElo "1334"]
[BlackElo "1614"]
[PlyCount "56"]
[EventDate "2018.??.??"]

1. e4 c5 2. Nf3 g6 3. d4 Bg7 4. Be3 Nc6 5. c3 cxd4 6. cxd4 Qb6 7. Qd2 Nf6 8.
Nc3 Ng4 9. Be2 Nxe3 10. fxe3 d6 11. O-O O-O 12. Rac1 Bd7 13. Nd5 Qd8 14. Rc3 a6
15. Rb3 b5 16. Nb4 Nxb4 17. Qxb4 a5 18. Qd2 Qb6 19. Rc1 Rfc8 20. Rbc3 Rc6 21.
Rxc6 Bxc6 22. d5 Bd7 23. Nd4 Kf8 24. Qd3 b4 25. Rc2 Be5 26. Nc6 Bxc6 27. dxc6
Bf4 28. Kf2 Be5 1/2-1/2

[Event "Velka cena Tabora"]
[Site "?"]
[Date "2018.07.29"]
[Round "1.31"]
[White "Sindelka, Vladimir"]
[Black "Christen, Pierre"]
[Result "0-1"]
[WhiteElo "1489"]
[BlackElo "1923"]
[PlyCount "105"]
[EventDate "2018.??.??"]

1. e4 c6 2. d4 d5 3. Nd2 dxe4 4. Nxe4 Bf5 5. Ng3 Bg6 6. Nf3 Nd7 7. Bd3 Bxd3 8.
Qxd3 e6 9. O-O Ngf6 10. Bg5 Be7 11. Rae1 O-O 12. h3 Re8 13. c4 Qc7 14. c5 Rad8
15. Qc2 h6 16. Bc1 Nf8 17. b4 a5 18. a3 axb4 19. axb4 Ng6 20. Rxe6 fxe6 21.
Qxg6 Bf8 22. Bxh6 Qf7 23. Qxf7+ Kxf7 24. Bg5 Rd5 25. Ne5+ Kg8 26. Be3 Rdd8 27.
f4 Ra8 28. Ng6 Nd5 29. Bd2 Ra2 30. Ne4 Nf6 31. Nxf6+ gxf6 32. Rf2 Bh6 33. g3
Kf7 34. Nh4 Rd8 35. Nf3 Rda8 36. Kg2 Rb2 37. g4 Raa2 38. g5 Bg7 39. gxf6 Bxf6
40. Ng5+ Ke7 41. Be3 Rxf2+ 42. Bxf2 Bxd4 43. Ne4 Re2 44. Kf3 Rxe4 45. Kxe4 Bxf2
46. f5 Be1 47. fxe6 Kxe6 48. h4 Bxh4 49. Kd4 Bf2+ 50. Kc4 Bg1 51. Kb3 Kd5 52.
Ka4 Bxc5 53. bxc5 0-1

[Event "Velka cena Tabora"]
[Site "?"]
[Date "2018.07.29"]
[Round "1.32"]
[White "Matejka, Radek"]
[Black "Varga, Hynek"]
[Result "1-0"]
[WhiteElo "1923"]
[BlackElo "1473"]
[PlyCount "55"]
[EventDate "2018.??.??"]

1. e4 e5 2. Nf3 Nc6 3. d4 exd4 4. Bc4 h6 5. O-O Nge7 6. Nxd4 Nxd4 7. Qxd4 Nc6
8. Qc3 Be7 9. Qg3 Bf6 10. Nc3 Ne5 11. Bb3 c6 12. f4 Ng6 13. Qe3 Bxc3 14. Qxc3
Qf6 15. Qd3 O-O 16. e5 Nxe5 17. fxe5 Qxe5 18. Bf4 Qc5+ 19. Be3 Qe5 20. Rae1 Qa5
21. Qd6 b6 22. c3 Ba6 23. Rf3 Rae8 24. Bd4 Qg5 25. Rg3 Qe7 26. Rxg7+ Kh8 27.
Rxf7+ Kg8 28. Qg6# 1-0

[Event "Velka cena Tabora"]
[Site "?"]
[Date "2018.07.29"]
[Round "1.33"]
[White "Vojta, Ladislav"]
[Black "Bukowska, Katarzyna"]
[Result "0-1"]
[WhiteElo "1468"]
[BlackElo "1921"]
[PlyCount "78"]
[EventDate "2018.??.??"]

1. a3 e5 2. e4 Nf6 3. Nc3 Nc6 4. b4 Be7 5. Nf3 d6 6. Be2 O-O 7. O-O Nd4 8. Nxd4
exd4 9. Nd5 Nxe4 10. d3 Nf6 11. Nxe7+ Qxe7 12. Bb2 c5 13. Bf3 Be6 14. c4 Qd7
15. Re1 Rfe8 16. b5 Bf5 17. Rxe8+ Rxe8 18. Qd2 Bg6 19. Be2 d5 20. Re1 dxc4 21.
dxc4 Qe6 22. Kf1 h6 23. Bf3 Qxc4+ 24. Be2 Qe6 25. f3 Qf5 26. Bc4 Rxe1+ 27. Qxe1
Qc2 28. Qe2 Qxe2+ 29. Kxe2 Kf8 30. a4 b6 31. Bc1 Ke7 32. Bd2 Nd7 33. a5 Ne5 34.
axb6 axb6 35. Bd5 Bd3+ 36. Kd1 Bxb5 37. Bf4 f6 38. g4 Kd6 39. Be4 Bc6 0-1

[Event "Velka cena Tabora"]
[Site "?"]
[Date "2018.07.29"]
[Round "1.35"]
[White "Ruta, Vit"]
[Black "Zidu, Jan"]
[Result "1/2-1/2"]
[WhiteElo "1384"]
[BlackElo "1913"]
[PlyCount "88"]
[EventDate "2018.??.??"]

1. e4 c5 2. Nf3 d6 3. d4 cxd4 4. Qxd4 a6 5. Be3 Nf6 6. Nc3 Nc6 7. Qb6 Qxb6 8.
Bxb6 g6 9. Bd3 Bg4 10. h3 Bxf3 11. gxf3 Bg7 12. O-O-O Nd7 13. Nd5 O-O 14. Be3
Rac8 15. f4 Bh6 16. Kb1 Bg7 17. c3 Nf6 18. Nb6 Rcd8 19. Bc2 Bh6 20. f5 Bxe3 21.
fxe3 Ne5 22. Rdf1 Kg7 23. b3 h5 24. Nd5 Nxd5 25. exd5 g5 26. Rhg1 f6 27. Be4
Kf7 28. Bf3 Rh8 29. Be2 Rdg8 30. Rg3 Rc8 31. Kc2 Ke8 32. e4 Kf7 33. Kd2 Kg7 34.
Rfg1 Kh6 35. R1g2 a5 36. a3 a4 37. b4 Rc7 38. Rg1 Rhc8 39. Rc1 Nc4+ 40. Bxc4
Rxc4 41. Kd3 b5 42. Rc2 Rg8 43. Rcg2 h4 44. Rg4 Rgc8 1/2-1/2

[Event "Velka cena Tabora"]
[Site "?"]
[Date "2018.07.29"]
[Round "1.36"]
[White "Masek, Jan"]
[Black "Chval, Zdenek"]
[Result "1-0"]
[WhiteElo "1909"]
[BlackElo "1360"]
[PlyCount "47"]
[EventDate "2018.??.??"]

1. e4 e5 2. Nf3 Nc6 3. Bb5 a6 4. Ba4 Nf6 5. O-O Be7 6. Re1 b5 7. Bb3 O-O 8. h3
d6 9. c3 h6 10. a4 Bb7 11. d3 Re8 12. Nh4 Na5 13. Ba2 c5 14. b4 cxb4 15. cxb4
Nc6 16. Bd2 Qc7 17. axb5 axb5 18. Nc3 Nxb4 19. Nxb5 Qc5 20. Bxb4 Qxb4 21. Nc7
Ba6 22. Nxa8 Rxa8 23. Bc4 Bb7 24. Rb1 1-0

[Event "Velka cena Tabora"]
[Site "?"]
[Date "2018.07.29"]
[Round "1.34"]
[White "Hasek, Vaclav"]
[Black "Vanek, Frantisek"]
[Result "1-0"]
[WhiteElo "1913"]
[BlackElo "1421"]
[PlyCount "47"]
[EventDate "2018.??.??"]

1. Nf3 Nf6 2. d4 g6 3. c4 d6 4. g3 Bg7 5. Bg2 O-O 6. O-O Nbd7 7. Nc3 Re8 8. b3
Rb8 9. Qc2 Nf8 10. Rd1 Bd7 11. Bb2 h5 12. e4 e5 13. dxe5 dxe5 14. Rd3 Qc8 15.
Rad1 N8h7 16. Qd2 Bc6 17. Qe3 b6 18. Nd5 Ng4 19. Qd2 Bf8 20. h3 Ngf6 21. Nxe5
Re6 22. Nxc6 Rxc6 23. e5 Nd7 24. Nb4 1-0

[Event "Velka cena Tabora"]
[Site "?"]
[Date "2018.07.29"]
[Round "1.37"]
[White "Porazil, Jan Frantisek"]
[Black "Krbusik, Marian"]
[Result "0-1"]
[WhiteElo "1334"]
[BlackElo "1902"]
[PlyCount "62"]
[EventDate "2018.??.??"]

1. e4 c5 2. Nf3 Nc6 3. d4 cxd4 4. Nxd4 Nf6 5. Nc3 d6 6. Bb5 Bd7 7. Bxc6 bxc6 8.
O-O g6 9. f4 Bg7 10. Nde2 O-O 11. Ng3 Ng4 12. Qd3 Qb6+ 13. Kh1 Bc8 14. Rf3 Ba6
15. Qd2 d5 16. exd5 Rad8 17. Qe1 cxd5 18. h3 Nf6 19. Nce2 Ne4 20. c3 Nxg3+ 21.
Rxg3 Rd6 22. Be3 Qxb2 23. Nd4 Rc8 24. Bd2 Bxd4 25. cxd4 Re6 26. Re3 Re4 27.
Rxe4 dxe4 28. Rd1 Bd3 29. Be3 Rc2 30. Rb1 Re2 31. Qg1 Bxb1 0-1

[Event "Velka cena Tabora"]
[Site "?"]
[Date "2018.07.29"]
[Round "1.38"]
[White "Hak, David"]
[Black "Zilava, Anezka"]
[Result "1-0"]
[WhiteElo "1886"]
[BlackElo "1322"]
[PlyCount "25"]
[EventDate "2018.??.??"]

1. e4 e5 2. Nf3 Nc6 3. d4 exd4 4. Bc4 Bc5 5. Bg5 f6 6. Bh4 d6 7. h3 Nge7 8. O-O
Ng6 9. Bg3 Nge5 10. Bb3 b6 11. Bd5 Bd7 12. a3 a5 13. Nbd2 1-0

[Event "Velka cena Tabora"]
[Site "?"]
[Date "2018.07.29"]
[Round "1.39"]
[White "Veverkova, Dorota"]
[Black "Hanak, Tomas"]
[Result "0-1"]
[WhiteElo "1277"]
[BlackElo "1876"]
[PlyCount "62"]
[EventDate "2018.??.??"]

1. e4 Nf6 2. e5 Nd5 3. d4 d6 4. Nf3 Bg4 5. Be2 e6 6. Bd2 Be7 7. Nc3 O-O 8. O-O
Nd7 9. Nxd5 exd5 10. Bf4 dxe5 11. Nxe5 Bxe2 12. Qxe2 Bd6 13. Nd3 Re8 14. Qg4
Nf6 15. Qf3 Ne4 16. Be3 Qh4 17. Nf4 c6 18. Qh5 Qf6 19. Nd3 Re7 20. f3 Ng3 21.
hxg3 Rxe3 22. Rae1 Rxe1 23. Rxe1 Bxg3 24. Re2 Qxd4+ 25. Kh1 c5 26. Re7 g6 27.
Qh3 Bd6 28. Rxb7 Re8 29. Qd7 Qh4+ 30. Qh3 Re1+ 31. Nxe1 Qxe1# 0-1

[Event "Velka cena Tabora"]
[Site "?"]
[Date "2018.07.29"]
[Round "1.40"]
[White "Havluj, Zdenek"]
[Black "Cernik, Rudolf"]
[Result "1-0"]
[WhiteElo "1873"]
[BlackElo "1268"]
[PlyCount "53"]
[EventDate "2018.??.??"]

1. e4 e5 2. Nc3 Nc6 3. Bc4 Bc5 4. Qg4 g6 5. Qf3 Qf6 6. Nd5 Qxf3 7. Nxf3 Bd6 8.
d4 Nxd4 9. Nxd4 exd4 10. Bg5 c5 11. O-O-O h6 12. Bf6 Nxf6 13. Nxf6+ Ke7 14.
Nd5+ Kf8 15. c3 Be5 16. f4 Bg7 17. e5 dxc3 18. Nxc3 a6 19. Ne4 b6 20. Nd6 Ke7
21. Bxf7 Rf8 22. Bd5 Ra7 23. Rhf1 b5 24. Kc2 b4 25. Be4 g5 26. Nf5+ Kf7 27.
Nxh6+ 1-0

[Event "Velka cena Tabora"]
[Site "?"]
[Date "2018.08.02"]
[Round "6.32"]
[White "Slajs, Vlastimil"]
[Black "Petr, Josef"]
[Result "1/2-1/2"]
[WhiteElo "1805"]
[BlackElo "1608"]
[PlyCount "47"]
[EventDate "2018.??.??"]

1. d4 Nf6 2. c4 g6 3. Nc3 Bg7 4. e4 d6 5. Be2 O-O 6. Bg5 e5 7. d5 a6 8. Qd2 Qe8
9. h4 h5 10. f3 Bd7 11. a4 a5 12. Nh3 Na6 13. Nf2 Nc5 14. Qc2 Qc8 15. Nd3 Nxd3+
16. Qxd3 Nh7 17. Be3 f5 18. exf5 Bxf5 19. Qd2 Nf6 20. Bd3 Re8 21. O-O-O e4 22.
fxe4 Nxe4 23. Nxe4 Bxe4 24. Rde1 1/2-1/2

[Event "Velka cena Tabora"]
[Site "?"]
[Date "2018.08.02"]
[Round "6.33"]
[White "Cernik, Rudolf"]
[Black "Straka, Zdenek"]
[Result "1-0"]
[WhiteElo "1268"]
[BlackElo "1776"]
[PlyCount "81"]
[EventDate "2018.??.??"]

1. e4 d6 2. f4 e5 3. Bc4 Nc6 4. c3 Nf6 5. d3 Bg4 6. Nf3 d5 7. exd5 Nxd5 8. Qb3
Bxf3 9. gxf3 Na5 10. Qa4+ c6 11. Bxd5 Qxd5 12. Qe4 Qxe4+ 13. fxe4 c5 14. fxe5
Rd8 15. Ke2 Nc6 16. Bf4 h6 17. Nd2 g5 18. Bg3 h5 19. h4 g4 20. Rhf1 Bg7 21. Nc4
O-O 22. Rf5 b5 23. Nd6 f6 24. exf6 Rxf6 25. Rxf6 Bxf6 26. Nb7 Re8 27. Nxc5 b4
28. d4 bxc3 29. bxc3 Nxd4+ 30. cxd4 Bxd4 31. Rc1 Rc8 32. Nb3 Rxc1 33. Nxc1 Kf7
34. Nd3 Kg6 35. Nf4+ Kh6 36. Nd5 Kg6 37. Bf2 Bf6 38. Nxf6 Kxf6 39. Bg3 a6 40.
Kd3 Ke6 41. Kc4 1-0

[Event "Velka cena Tabora"]
[Site "?"]
[Date "2018.08.02"]
[Round "6.34"]
[White "Kuta, Miroslav"]
[Black "Herynek, Petr"]
[Result "1-0"]
[WhiteElo "1725"]
[BlackElo "1621"]
[PlyCount "89"]
[EventDate "2018.??.??"]

1. d4 Nf6 2. c4 g6 3. Nc3 d5 4. cxd5 Nxd5 5. Bd2 Bg7 6. e4 Nxc3 7. Bxc3 O-O 8.
Nf3 c5 9. Be2 Nc6 10. d5 Nd4 11. O-O Qb6 12. h3 Rd8 13. Qd2 Nxe2+ 14. Qxe2 Bd7
15. Qc2 Qc7 16. Bxg7 Kxg7 17. Qc3+ Kg8 18. a4 e6 19. Rfd1 exd5 20. exd5 Bf5 21.
Ne5 Be4 22. Ng4 Qf4 23. Nf6+ Kf8 24. Nxh7+ Ke7 25. Qxc5+ Qd6 26. Qe3 Qe5 27.
Ng5 f5 28. f3 Qg3 29. Nxe4 fxe4 30. Qxe4+ Kf7 31. Qe6+ Kg7 32. Rac1 Re8 33. Qg4
Qd6 34. Qd4+ Kh7 35. Qc4 Qg3 36. Qc7+ Qxc7 37. Rxc7+ Kh6 38. Rd2 b6 39. d6 a6
40. Rb7 b5 41. d7 Red8 42. a5 Kg7 43. Re2 Kf6 44. Kf2 Kf7 45. b4 1-0

[Event "Velka cena Tabora"]
[Site "?"]
[Date "2018.08.02"]
[Round "6.35"]
[White "Cipera, Josef"]
[Black "Stastna, Martina"]
[Result "0-1"]
[WhiteElo "1688"]
[BlackElo "1531"]
[PlyCount "76"]
[EventDate "2018.??.??"]

1. d4 d5 2. Bf4 Nf6 3. e3 e6 4. Bd3 c5 5. c3 Nc6 6. Nf3 Bd6 7. Bg3 c4 8. Bc2 b5
9. Ne5 Bxe5 10. dxe5 Nd7 11. f4 b4 12. Qg4 g6 13. Bh4 Qb6 14. Kd2 b3 15. axb3
cxb3 16. Bd3 Nc5 17. Bf6 Rf8 18. Qh4 Nxd3 19. Kxd3 Ba6+ 20. Kd2 Qb5 21. Qf2 Rc8
22. Rd1 d4 23. exd4 Nb4 24. Na3 Qd3+ 25. Ke1 Qe4+ 26. Kd2 Qd3+ 27. Ke1 Qe4+ 28.
Kd2 Nd3 29. Qe3 Qxg2+ 30. Qe2 Qxe2+ 31. Kxe2 Nxb2+ 32. Ke3 Rxc3+ 33. Kf2 Nxd1+
34. Rxd1 b2 35. d5 Rxa3 36. dxe6 Rd3 37. Rb1 Rb3 38. Rd1 Bd3 0-1

[Event "Velka cena Tabora"]
[Site "?"]
[Date "2018.08.02"]
[Round "6.37"]
[White "Tumova, Anna"]
[Black "Havelkova, Beata"]
[Result "1-0"]
[WhiteElo "1648"]
[BlackElo "1100"]
[PlyCount "61"]
[EventDate "2018.??.??"]

1. e4 c5 2. Nf3 d6 3. d4 cxd4 4. Nxd4 Nf6 5. Nc3 g6 6. Be2 Bg7 7. Be3 O-O 8.
O-O Nc6 9. Kh1 Bd7 10. f4 Qb6 11. Nxc6 Qxc6 12. Bf3 Qc7 13. g4 Bc6 14. g5 Nd7
15. Nd5 Bxd5 16. Qxd5 Bxb2 17. Rab1 e6 18. Qb5 Bg7 19. f5 Be5 20. f6 b6 21. Rf2
Qc3 22. Bd2 Qc5 23. Qf1 Qxc2 24. Bf4 Qa4 25. Bxe5 Nxe5 26. Qh3 Kh8 27. Bg2 Rac8
28. Rf4 Nd3 29. Qxd3 Qxa2 30. Rg1 Rc6 31. Qh3 1-0

[Event "Velka cena Tabora"]
[Site "?"]
[Date "2018.08.02"]
[Round "6.38"]
[White "Havelka, Stanislav"]
[Black "Severa, Jiri"]
[Result "1-0"]
[WhiteElo "1000"]
[BlackElo "1633"]
[PlyCount "61"]
[EventDate "2018.??.??"]

1. e4 d5 2. exd5 Qxd5 3. d4 e5 4. Nc3 Qxd4 5. Be3 Qxd1+ 6. Rxd1 Bb4 7. Nge2 Bf5
8. Rd2 Nf6 9. a3 Ba5 10. b4 Bb6 11. Nd5 Nxd5 12. Rxd5 Nd7 13. c4 c6 14. Rd2
Bxe3 15. fxe3 O-O 16. Ng3 Bg6 17. Rxd7 Rab8 18. Be2 f5 19. O-O f4 20. exf4 exf4
21. Nh5 Bf7 22. Nxf4 Rfe8 23. Bd3 Re3 24. Rxf7 g5 25. Bxh7+ Kxf7 26. Nd5+ Kg7
27. Nxe3 Kxh7 28. Nf5 Rd8 29. Rf3 Kg6 30. c5 b6 31. Ne7+ 1-0

[Event "Velka cena Tabora"]
[Site "?"]
[Date "2018.08.02"]
[Round "6.39"]
[White "Privoznik, Lubos"]
[Black "Nagyova, Daniela"]
[Result "0-1"]
[WhiteElo "1626"]
[BlackElo "1238"]
[PlyCount "56"]
[EventDate "2018.??.??"]

1. e4 e5 2. Nf3 Nc6 3. Bc4 Nf6 4. d3 Bc5 5. c3 O-O 6. O-O h6 7. b4 Bb6 8. a4 a6
9. Ba3 Re8 10. Qb3 Rf8 11. Qa2 d6 12. a5 Ba7 13. Nbd2 Nh7 14. Kh1 Ng5 15. Nxg5
hxg5 16. Bc1 g4 17. f3 g3 18. hxg3 Qg5 19. d4 Qh5+ 20. Kg1 exd4 21. cxd4 Bxd4+
22. Rf2 Nxb4 23. Qa4 Bxf2+ 24. Kxf2 Qc5+ 25. Kf1 Nc6 26. Bb2 Qg5 27. Ke2 Qxg3
28. Rh1 Qxg2+ 0-1

[Event "Velka cena Tabora"]
[Site "?"]
[Date "2018.08.02"]
[Round "6.40"]
[White "Rolinkova, Lucie"]
[Black "Cieslak, Leszek"]
[Result "1-0"]
[WhiteElo "1540"]
[BlackElo "1926"]
[PlyCount "57"]
[EventDate "2018.??.??"]

1. e4 c5 2. Nf3 d6 3. d4 cxd4 4. Nxd4 Nf6 5. Nc3 g6 6. Be2 Bg7 7. Be3 O-O 8.
O-O Nc6 9. Kh1 d5 10. exd5 Nxd5 11. Nxc6 bxc6 12. Nxd5 cxd5 13. Bf3 Bb7 14. c4
Qc7 15. cxd5 Bxb2 16. Rb1 Be5 17. Qb3 Ba6 18. d6 Bxd6 19. Rfc1 Qa5 20. Bxa8
Rxa8 21. Qc3 Qh5 22. h3 Qh4 23. Qc6 Bb7 24. Qxb7 Rd8 25. Rc8 Rxc8 26. Qxc8+ Kg7
27. Qg4 Qf6 28. Bxa7 h5 29. Qe4 1-0

[Event "Velka cena Tabora"]
[Site "?"]
[Date "2018.08.03"]
[Round "7.31"]
[White "Petr, Josef"]
[Black "Toman, Antonin"]
[Result "0-1"]
[WhiteElo "1608"]
[BlackElo "1816"]
[PlyCount "22"]
[EventDate "2018.??.??"]

1. e4 c5 2. Nf3 a6 3. d4 cxd4 4. Nxd4 Nf6 5. Nc3 e5 6. Nf3 Bb4 7. Bd3 d5 8.
exd5 e4 9. Qe2 O-O 10. O-O exd3 11. Qxd3 Bxc3 0-1

[Event "Velka cena Tabora"]
[Site "?"]
[Date "2018.08.03"]
[Round "7.32"]
[White "Abraham, Karel"]
[Black "Slajs, Vlastimil"]
[Result "1-0"]
[WhiteElo "1676"]
[BlackElo "1805"]
[PlyCount "74"]
[EventDate "2018.??.??"]

1. e4 e5 2. Nf3 Nc6 3. d4 exd4 4. Bc4 Nf6 5. e5 d5 6. Bb5 Ne4 7. Nxd4 Bd7 8.
Bxc6 bxc6 9. O-O Bc5 10. Be3 Qe7 11. f3 Ng5 12. f4 Ne4 13. Nd2 Nxd2 14. Qxd2
O-O 15. Qf2 Bb6 16. Nb3 f6 17. Bxb6 cxb6 18. exf6 Qxf6 19. c3 c5 20. a4 a5 21.
Nc1 Bc8 22. Nd3 Ba6 23. Qf3 Rad8 24. Rf2 d4 25. Ne5 dxc3 26. Qxc3 Rd4 27. g3
Rfd8 28. Re1 Qd6 29. Rf3 Qd5 30. Rfe3 Bb7 31. Nf3 Rd1 32. Rxd1 Qxd1+ 33. Qe1
Qxa4 34. Ng5 Bc6 35. b3 Qa2 36. Qe2 Rd1+ 37. Kf2 Rd2 1-0

[Event "Velka cena Tabora"]
[Site "?"]
[Date "2018.08.03"]
[Round "7.33"]
[White "Habada, Jindrich"]
[Black "Hanzl, Tadeas"]
[Result "1/2-1/2"]
[WhiteElo "1803"]
[BlackElo "1334"]
[PlyCount "52"]
[EventDate "2018.??.??"]

1. e4 c5 2. Nf3 g6 3. Bc4 Bg7 4. O-O Nc6 5. c3 e6 6. Re1 Nge7 7. d3 d5 8. Bb5
Bd7 9. Bg5 a6 10. Bxc6 Bxc6 11. Nbd2 O-O 12. exd5 Bxd5 13. Ne4 Qc7 14. Nf6+ Kh8
15. Nxd5 Nxd5 16. Qa4 Rfe8 17. Rad1 Bf6 18. d4 cxd4 19. Bxf6+ Nxf6 20. Qxd4 Kg7
21. h3 Rad8 22. Qa4 Qb6 23. Qb3 Qxb3 24. axb3 Kf8 25. Kf1 Rd7 26. Rd2 Nd5
1/2-1/2

[Event "Velka cena Tabora"]
[Site "?"]
[Date "2018.08.03"]
[Round "7.34"]
[White "Trcka, Bohdan"]
[Black "Valtr, Filip"]
[Result "0-1"]
[WhiteElo "1564"]
[BlackElo "1800"]
[PlyCount "116"]
[EventDate "2018.??.??"]

1. d4 Nf6 2. e3 e6 3. Be2 c5 4. c3 Nc6 5. g4 d5 6. g5 Ne4 7. h4 f6 8. f3 Ng3 9.
Rh3 Nxe2 10. Nxe2 fxg5 11. hxg5 Qxg5 12. e4 Qg2 13. Rg3 Qh1+ 14. Kd2 Qxd1+ 15.
Kxd1 g6 16. Bf4 Bd7 17. Nd2 cxd4 18. exd5 exd5 19. Nxd4 Bg7 20. N4b3 O-O 21.
Be3 b6 22. Ke2 Rae8 23. Kf2 Ne5 24. Bd4 Nd3+ 25. Kg1 Nxb2 26. Bxg7 Kxg7 27. Rg5
Rf5 28. Rg3 Nd3 29. Nd4 Rf6 30. a4 Nf4 31. a5 Ne2+ 32. Nxe2 Rxe2 33. axb6 axb6
34. Ra7 Rxd2 35. Rxd7+ Rf7 36. Rd6 b5 37. Rg5 Rxf3 38. Rdxd5 Rxd5 39. Rxd5 Rxc3
40. Rxb5 Rc2 41. Rb7+ Kh6 42. Rf7 g5 43. Rf3 g4 44. Rf4 Kg5 45. Rf7 h5 46. Ra7
Kh4 47. Ra3 g3 48. Rb3 Kh3 49. Rb1 h4 50. Ra1 Rc4 51. Kh1 Kg4 52. Kg2 h3+ 53.
Kg1 Re4 54. Rb1 h2+ 55. Kg2 Re2+ 56. Kh1 Kh3 57. Rg1 hxg1=Q+ 58. Kxg1 Re1# 0-1

[Event "Velka cena Tabora"]
[Site "?"]
[Date "2018.08.03"]
[Round "7.35"]
[White "Sedivy, Karel"]
[Black "Rolinkova, Lucie"]
[Result "1-0"]
[WhiteElo "1741"]
[BlackElo "1540"]
[PlyCount "76"]
[EventDate "2018.??.??"]

1. d4 Nf6 2. c4 e6 3. Nf3 d5 4. Bg5 Nbd7 5. e3 Be7 6. Bd3 dxc4 7. Bxc4 h6 8.
Bh4 g5 9. Bg3 Ne4 10. Be5 f6 11. Bg3 Nb6 12. Bd3 Bb4+ 13. Nbd2 Bxd2+ 14. Nxd2
Nxg3 15. hxg3 f5 16. Qh5+ Ke7 17. Nf3 Bd7 18. Ne5 Be8 19. Qd1 Qd5 20. f3 c5 21.
Qb3 Qxb3 22. axb3 cxd4 23. e4 Kd6 24. f4 fxe4 25. Bxe4 Rf8 26. Nd3 Nd5 27. Bxd5
Kxd5 28. Rxh6 g4 29. Ra5+ Kd6 30. Ne5 b6 31. Ra1 Rg8 32. Rh7 a5 33. Rc1 Kd5 34.
Kd2 a4 35. Ra1 b5 36. b4 Rc8 37. Rah1 Bc6 38. Re7 Kd6 {Necitelny zapis} 1-0